| 000 | 00463nam a2200193Ia 4500 | ||
|---|---|---|---|
| 008 | 210210b1954 xxu||||| |||| 00| 0 eng d | ||
| 041 | _aeng | ||
| 082 | _a590/178 | ||
| 100 | _aKENT (George C) | ||
| 245 | _aComparative anatomy of the vertebrates | ||
| 260 |
_aNew York _bMcGraw Hill Book Company _c1954 |
||
| 650 | _avertebrates | ||
| 650 | _athe | ||
| 650 | _aof | ||
| 650 | _aComparative | ||
| 650 | _aanatomy | ||
| 690 | _aZoology | ||
| 906 | _a010750 | ||
| 999 |
_c138639 _d138639 |
||